[Event "EU-ch blitz"]
[Site "Minsk"]
[Date "2015.12.18"]
[Round "20.36"]
[White "Sharafiev, Azat"]
[Black "Tyutyunnikov, Alexey"]
[Result "0-1"]
[WhiteElo "2420"]
[BlackElo "2295"]
[PlyCount "120"]
[EventDate "2015.12.18"]
[EventType "swiss (blitz)"]
[EventRounds "22"]
[EventCountry "BLR"]
[SourceTitle "EXT 2017"]
[Source "ChessBase"]
[SourceDate "2016.10.25"]
[SourceVersion "1"]
[SourceVersionDate "2016.10.25"]
[SourceQuality "1"]

1. e4 c5 2. Nf3 d6 3. d4 cxd4 4. Nxd4 Nf6 5. Nc3 a6 6. a4 Nbd7 7. Be2 g6 8. 0-0 Bg7 9. f4 0-0 10. Bf3 Qc7 11. Be3 e5 12. Nde2 exf4 13. Nxf4 Ne5 14. Nfd5 Nxd5 15. Nxd5 Qd8 16. Bb6 Qg5 17. c3 Be6 18. Nc7 Rac8 19. Nxe6 fxe6 20. Be2 Rxf1+ 21. Bxf1 Rc6 22. a5 Nd7 23. Bf2 Be5 24. Qf3 Rc8 25. Be3 Qf6 26. Qg4 Qe7 27. Be2 Nf6 28. Qh4 Nd5 29. Qxe7 Nxe7 30. Bg4 Kf7 31. Rf1+ Bf6 32. Bd4 Ng8 33. Bb6 Ke7 34. Rd1 Be5 35. Bf3 Nf6 36. h3 Rc4 37. Re1 Bg3 38. Rd1 Ra4 39. b3 Ra3 40. Rb1 Be5 41. c4 Nd7 42. Be3 Rxa5 43. Kf2 Ra2+ 44. Kg1 a5 45. Bg4 Nc5 46. Bd1 Nd3 47. Bf3 Kd7 48. Bg4 Nc5 49. Bxc5 dxc5 50. Rd1+ Bd4+ 51. Kh2 Kd6 52. Rd3 Ke5 53. Bf3 a4 54. bxa4 Rxa4 55. Rb3 Rb4 56. Rxb4 cxb4 57. Bd1 Kxe4 58. Bf3+ Kd3 59. Bxb7 b3 60. c5 b2 0-1

[Event "EU-ch blitz"]
[Site "Minsk"]
[Date "2015.12.18"]
[Round "21.42"]
[White "Teterev, Vitaly"]
[Black "Tyutyunnikov, Alexey"]
[Result "0-1"]
[WhiteElo "2494"]
[BlackElo "2295"]
[PlyCount "110"]
[EventDate "2015.12.18"]
[EventType "swiss (blitz)"]
[EventRounds "22"]
[EventCountry "BLR"]
[SourceTitle "EXT 2017"]
[Source "ChessBase"]
[SourceDate "2016.10.25"]
[SourceVersion "1"]
[SourceVersionDate "2016.10.25"]
[SourceQuality "1"]

1. e4 c5 2. Nf3 e6 3. d3 d5 4. Nbd2 Nf6 5. g3 Nc6 6. Bg2 Be7 7. 0-0 b6 8. Re1 Bb7 9. c3 Qc7 10. Nf1 0-0-0 11. Bf4 e5 12. Nxe5 Nxe5 13. d4 Nxe4 14. Bxe5 Bd6 15. Bxg7 Rhg8 16. Bh6 f5 17. Qh5 f4 18. Bxf4 Bxf4 19. Qf5+ Kb8 20. Qxf4 Qxf4 21. gxf4 Rdf8 22. f3 Nd6 23. Ng3 Rxf4 24. Rad1 Nf5 25. Kf2 Nh4 26. Re7 h5 27. Rde1 Bc6 28. dxc5 bxc5 29. R1e6 Bb5 30. Bh1 d4 31. Nxh5 Rf5 32. Ng3 Rf4 33. Re4 Ng6 34. Rxf4 Nxf4 35. cxd4 cxd4 36. Ke1 Rc8 37. Kd2 Bd3 38. Rf7 Rc2+ 39. Kd1 Nh3 40. Ne4 Bxe4 41. fxe4 Rxh2 42. Bf3 Nf2+ 43. Ke1 Nd3+ 44. Kf1 Rxb2 45. Bg4 Ne5 46. Rg7 Rxa2 47. Bh5 d3 48. Re7 Nc6 49. Re6 Kc7 50. Ke1 Rh2 51. Bg4 Nd4 52. Re7+ Kd6 53. Re8 Nc2+ 54. Kd1 Ne3+ 55. Ke1 d2# 0-1

[Event "EU-ch blitz"]
[Site "Minsk"]
[Date "2015.12.18"]
[Round "22.42"]
[White "Tyutyunnikov, Alexey"]
[Black "Teterev, Vitaly"]
[Result "0-1"]
[WhiteElo "2295"]
[BlackElo "2494"]
[PlyCount "96"]
[EventDate "2015.12.18"]
[EventType "swiss (blitz)"]
[EventRounds "22"]
[EventCountry "BLR"]
[SourceTitle "EXT 2017"]
[Source "ChessBase"]
[SourceDate "2016.10.25"]
[SourceVersion "1"]
[SourceVersionDate "2016.10.25"]
[SourceQuality "1"]

1. e4 c5 2. Nf3 e6 3. d4 cxd4 4. Nxd4 a6 5. Nc3 Qc7 6. Be2 Nf6 7. 0-0 d6 8. f4 Be7 9. Be3 0-0 10. Kh1 b5 11. Bf3 Bb7 12. a3 Nbd7 13. Re1 Rac8 14. Bf2 Qb8 15. Bg3 Rfd8 16. e5 dxe5 17. fxe5 Ne8 18. Nb3 Nc5 19. Qe2 Nxb3 20. cxb3 Bc5 21. Rad1 Rxd1 22. Rxd1 Bxf3 23. Qxf3 Rd8 24. b4 Bd4 25. Rf1 Rd7 26. Qc6 Qb7 27. Qxb7 Rxb7 28. Rd1 Bxc3 29. bxc3 Kf8 30. Kg1 Ke7 31. Bh4+ f6 32. exf6+ gxf6 33. Bf2 e5 34. Bc5+ Ke6 35. Kf2 Rd7 36. Re1 Nc7 37. a4 Rd3 38. axb5 axb5 39. Rc1 Kd5 40. Ke2 Kc4 41. Rf1 Nd5 42. Rf5 Rxc3 43. Rf1 e4 44. g4 Rc2+ 45. Kd1 Rxh2 46. Rf5 Nc3+ 47. Kc1 Kd3 48. Rxf6 Rc2# 0-1

[Event "Kaluga Tsiolkovsky Memorial op"]
[Site "Kaluga"]
[Date "2014.08.09"]
[Round "8"]
[White "Antipov, Vladimir"]
[Black "Tyutyunnikov, Alexey"]
[Result "0-1"]
[WhiteElo "1930"]
[BlackElo "2299"]
[PlyCount "56"]
[EventDate "2014.08.02"]
[EventType "swiss"]
[EventRounds "8"]
[EventCountry "RUS"]
[SourceTitle "EXT 2023"]
[Source "ChessBase"]
[SourceDate "2022.10.05"]
[SourceVersion "1"]
[SourceVersionDate "2022.10.05"]
[SourceQuality "1"]

1. b4 Nf6 2. Bb2 d5 3. e3 e6 4. a3 a5 5. b5 c5 6. bxc6 bxc6 7. d4 Nbd7 8. Nf3 Rb8 9. Ra2 Bd6 10. c4 dxc4 11. Nbd2 Rxb2 12. Rxb2 c3 13. Rb3 cxd2+ 14. Nxd2 0-0 15. Bd3 c5 16. Nc4 Bc7 17. 0-0 cxd4 18. exd4 Ba6 19. g3 Bxc4 20. Bxc4 Nb6 21. Bd3 Nbd5 22. Rb7 Bb6 23. Re1 Qa8 24. Rxb6 Nxb6 25. Re5 Nbd7 26. Rg5 h6 27. h4 hxg5 28. hxg5 Qd5 0-1

[Event "Kaluga Tsiolkovsky Memorial op"]
[Site "Kaluga"]
[Date "2014.08.06"]
[Round "5"]
[White "Tyutyunnikov, Alexey"]
[Black "Lopukhin, Anatoly Viktorovich"]
[Result "1/2-1/2"]
[WhiteElo "2299"]
[BlackElo "2329"]
[PlyCount "102"]
[EventDate "2014.08.02"]
[EventType "swiss"]
[EventRounds "8"]
[EventCountry "RUS"]
[SourceTitle "EXT 2023"]
[Source "ChessBase"]
[SourceDate "2022.10.05"]
[SourceVersion "1"]
[SourceVersionDate "2022.10.05"]
[SourceQuality "1"]

1. e4 g6 2. d4 Bg7 3. Nc3 d6 4. f4 c6 5. Nf3 Bg4 6. Be2 Qb6 7. e5 Nh6 8. Ne4 Nf5 9. c3 0-0 10. Qb3 Nd7 11. 0-0 Qxb3 12. axb3 f6 13. exd6 exd6 14. Nf2 h5 15. Nxg4 hxg4 16. Ne1 Nh6 17. f5 Rfe8 18. Bd3 Nxf5 19. Bxf5 gxf5 20. Nd3 Nb6 21. Rxf5 Nd5 22. Bd2 Re2 23. Rf2 Rxf2 24. Nxf2 f5 25. Nd3 Nf6 26. Bf4 Ne4 27. Nf2 Nxf2 28. Kxf2 d5 29. Re1 Kf7 30. Bg5 Re8 31. Rxe8 Kxe8 32. h3 Kf7 33. Kg3 Kg6 34. Bf4 Kh5 35. Bb8 Bh6 36. Bf4 Bg5 37. Bb8 a6 38. Bf4 Bh4+ 39. Kh2 Be1 40. Kg1 b5 41. b4 Kh4 42. Kh2 Kh5 43. Kg1 Bh4 44. g3 Bd8 45. h4 a5 46. bxa5 Bxa5 47. b4 Bd8 48. Kf2 Be7 49. Ke3 Bf8 50. Be5 Bh6+ 51. Bf4 Bf8 1/2-1/2

[Event "Tula Region-ch"]
[Site "Tula"]
[Date "2014.03.16"]
[Round "6"]
[White "Tyutyunnikov, Alexey"]
[Black "Simakov, Alexey"]
[Result "1-0"]
[WhiteElo "2319"]
[BlackElo "2212"]
[PlyCount "71"]
[EventDate "2014.03.11"]
[EventType "swiss"]
[EventRounds "9"]
[EventCountry "RUS"]
[SourceTitle "CBM 159 Extra"]
[Source "ChessBase"]
[SourceDate "2014.04.24"]
[SourceVersion "1"]
[SourceVersionDate "2014.04.24"]
[SourceQuality "1"]

1. e4 e6 2. d4 d5 3. Nc3 Nf6 4. e5 Nfd7 5. f4 a6 6. Nf3 c5 7. Be3 Nc6 8. Qd2 b5 9. dxc5 Bxc5 10. Qf2 Qb6 11. Bxc5 Qxc5 12. Qxc5 Nxc5 13. Bd3 Bb7 14. 0-0-0 0-0 15. Ne2 f6 16. Ned4 fxe5 17. fxe5 Nxd4 18. Nxd4 b4 19. Rhf1 g6 20. Be2 Rxf1 21. Rxf1 Rf8 22. Rxf8+ Kxf8 23. Kd2 Kf7 24. Ke3 Na4 25. a3 bxa3 26. bxa3 Nc5 27. Nb3 Nxb3 28. cxb3 Ke7 29. Kd4 Kd7 30. Kc5 Kc7 31. Bd3 Bc8 32. h4 Bb7 33. g4 Bc8 34. Bxg6 hxg6 35. h5 d4 36. Kxd4 1-0

[Event "Tula Region-ch"]
[Site "Tula"]
[Date "2014.03.12"]
[Round "2"]
[White "Tyutyunnikov, Alexey"]
[Black "Diakonova, Ekaterina"]
[Result "1/2-1/2"]
[WhiteElo "2319"]
[BlackElo "1987"]
[PlyCount "108"]
[EventDate "2014.03.11"]
[EventType "swiss"]
[EventRounds "9"]
[EventCountry "RUS"]
[SourceTitle "CBM 159 Extra"]
[Source "ChessBase"]
[SourceDate "2014.04.24"]
[SourceVersion "1"]
[SourceVersionDate "2014.04.24"]
[SourceQuality "1"]

1. e4 c6 2. d4 d5 3. Nc3 dxe4 4. Nxe4 Bf5 5. Ng3 Bg6 6. h4 h6 7. Nf3 Nd7 8. h5 Bh7 9. Bd3 Bxd3 10. Qxd3 e6 11. Bf4 Qa5+ 12. Bd2 Bb4 13. c3 Be7 14. c4 Qc7 15. 0-0-0 Ngf6 16. Kb1 b5 17. c5 0-0 18. Rhe1 Rfd8 19. Qc2 Ng4 20. Bc1 Ndf6 21. Ne5 Rd5 22. f4 Rad8 23. Qe2 Nxe5 24. fxe5 Nh7 25. Qg4 Kh8 26. Be3 Ng5 27. Ne2 Qa5 28. Rf1 R5d7 29. Nc1 Qa4 30. Qe2 Kg8 31. Nb3 Rd5 32. Rc1 R8d7 33. Qe1 Bd8 34. Bd2 Qa6 35. Qe2 Qa4 36. Rf4 Nh7 37. Rff1 Bg5 38. Rcd1 Bxd2 39. Rxd2 Ng5 40. Rfd1 Qb4 41. Qe3 a5 42. Nc1 a4 43. a3 Qa5 44. Na2 Rc7 45. Nb4 Rdd7 46. Rf1 Qa8 47. Rf4 Qd8 48. Rd3 Qe7 49. Qd2 Qd8 50. Rg3 Kh8 51. Nc2 Rc8 52. Rd3 Qe7 53. Nb4 Qd8 54. Qe3 Qe7 1/2-1/2

[Event "Central FO-ch"]
[Site "Gagarin"]
[Date "2009.05.03"]
[Round "3"]
[White "Tyutyunnikov, Alexey"]
[Black "Kalashnikov, Viktor"]
[Result "1/2-1/2"]
[WhiteElo "2332"]
[BlackElo "2111"]
[PlyCount "71"]
[EventDate "2009.05.01"]
[EventType "swiss"]
[EventRounds "9"]
[EventCountry "RUS"]
[SourceTitle "CBM 130 Extra"]
[Source "ChessBase"]
[SourceDate "2009.07.02"]
[SourceVersion "2"]
[SourceVersionDate "2009.07.15"]
[SourceQuality "1"]

1. e4 c5 2. Nf3 d6 3. d4 cxd4 4. Nxd4 Nf6 5. Nc3 a6 6. Be2 e5 7. Nb3 Be6 8. 0-0 Be7 9. f4 Qc7 10. f5 Bc4 11. Be3 Nbd7 12. Kh1 b5 13. Bxc4 Qxc4 14. Qd3 Rc8 15. a3 0-0 16. Rad1 Rfd8 17. h3 Qxd3 18. cxd3 Nc5 19. Nxc5 dxc5 20. Bg5 Kf8 21. Bxf6 Bxf6 22. Nd5 c4 23. dxc4 Rxc4 24. Nxf6 Rxd1 25. Nxh7+ Kg8 26. Rxd1 Kxh7 27. Rd6 b4 28. Rxa6 bxa3 29. Rxa3 Rxe4 30. Rf3 Re1+ 31. Kh2 f6 32. b3 Kh6 33. g4 Kg5 34. Kg3 Rg1+ 35. Kf2 Rb1 36. Kg3 1/2-1/2

[Event "RUS Central Region-ch"]
[Site "Tula "]
[Date "2007.03.24"]
[Round "8"]
[White "Tyutyunnikov, Alexey"]
[Black "Arakelov, Ilya Sergeevich"]
[Result "1/2-1/2"]
[WhiteElo "2290"]
[BlackElo "2399"]
[PlyCount "152"]
[EventDate "2007.03.17"]
[EventType "swiss"]
[EventRounds "9"]
[EventCountry "RUS"]
[SourceTitle "EXT 2008"]
[Source "ChessBase"]
[SourceDate "2007.11.25"]
[SourceVersion "1"]
[SourceVersionDate "2007.11.25"]
[SourceQuality "1"]

1. e4 c5 2. Nf3 d6 3. d4 cxd4 4. Nxd4 Nf6 5. Nc3 g6 6. Bc4 Bg7 7. h3 Nc6 8. Be3 0-0 9. Bb3 Bd7 10. 0-0 Rc8 11. Re1 Ne5 12. f4 Nc4 13. Bxc4 Rxc4 14. Qd3 Rc8 15. Rad1 a6 16. Bf2 e5 17. Nf3 exf4 18. Qxd6 Be6 19. Qxf4 Qa5 20. Bd4 Nh5 21. Qe3 Qb4 22. e5 Ng3 23. Nh4 Nf5 24. Nxf5 gxf5 25. a3 Qxb2 26. Nd5 Qxc2 27. Ne7+ Kh8 28. Rc1 Qa2 29. Nxc8 Bxc8 30. e6 Qxe6 31. Qc3 Qg6 32. Bxg7+ Qxg7 33. Qxg7+ Kxg7 34. Rc7 b5 35. Rec1 Be6 36. Ra7 Rb8 37. Rc6 Bd5 38. Rd6 Bc4 39. Rdxa6 b4 40. Ra8 Bxa6 41. Rxb8 bxa3 42. Ra8 Bb7 43. Rxa3 Be4 44. g3 Bd5 45. Kf2 Kg6 46. Ra5 Be4 47. Ra6+ Kg7 48. Rd6 Bb7 49. Ke3 Bg2 50. h4 h6 51. Kf4 Bh3 52. Ke5 Bg4 53. Rb6 Bh3 54. Kd6 Bg2 55. Ke7 Bd5 56. Rf6 Be6 57. h5 Bd5 58. Rxf5 Bc4 59. Re5 Bb3 60. Rf5 Bc4 61. Kd6 Kf8 62. Ke5 Kg7 63. Rf2 Bb3 64. Rb2 Bd1 65. Rh2 Bg4 66. Kf4 Bd1 67. g4 Bb3 68. Re2 Bc4 69. Re4 Bd5 70. Rd4 Be6 71. Rd6 Bc4 72. g5 hxg5+ 73. Kxg5 Bb3 74. Rb6 Bc4 75. Rf6 Bd5 76. Rf4 Be6 1/2-1/2